Dve miliardy na poprivatizačné oživenie

Úloha Slovenského poprivatizačného fondu. Zdroj rizikových investícií do malých a stredných podnikov. Predbežné kritériá výberu podnikov.

Gespeichert in:
Bibliographische Detailangaben
1. Verfasser: Ďurianová, Alica
Format: Buchkapitel
Sprache:Slowakisch
Schlagworte:
Tags: Tag hinzufügen
Keine Tags, Fügen Sie das erste Tag hinzu!

MARC

LEADER 00000naa a2200000 4500
001 r020433
005 20251104124010.1
041 0 |a slo 
044 |a SK 
245 1 0 |a Dve miliardy na poprivatizačné oživenie  |c Alica Ďurianová 
520 |a Úloha Slovenského poprivatizačného fondu. Zdroj rizikových investícií do malých a stredných podnikov. Predbežné kritériá výberu podnikov. 
610 2 0 |a privatizácia 
610 2 0 |a Slovenský poprivatizačný fond 
610 2 0 |a podnik malý 
610 2 0 |a podnik stredný 
610 2 0 |a investície 
610 2 0 |a riziko 
100 1 |a Ďurianová, Alica